Fr. Conceicao Rodrigues College of Engineering

Int to Computer Graphics (Record no. 33322)

MARC details
000 -LEADER
fixed length control field 00297nam a2200145Ia 4500
082 ## - DEWEY DECIMAL CLASSIFICATION NUMBER
Classification number 6.6
Item number TAL
100 ## - MAIN ENTRY--PERSONAL NAME
Personal name Talele/ K.T.
245 ## - TITLE STATEMENT
Title Int to Computer Graphics
260 ## - PUBLICATION, DISTRIBUTION, ETC.
Name of publisher, distributor, etc. Vipul prakashan
Date of publication, distribution, etc. 1999
300 ## - PHYSICAL DESCRIPTION
Extent 150
546 ## - LANGUAGE NOTE
Language note ENGLISH
654 ## - SUBJECT ADDED ENTRY--FACETED TOPICAL TERMS
Focus term computer
942 ## - ADDED ENTRY ELEMENTS (KOHA)
Koha item type BOOK
Holdings
Withdrawn status Lost status Damaged status Not for loan Collection Home library Current library Date acquired Total Checkouts Full call number Barcode Date due Date last seen Date last checked out Price effective from Koha item type Inventory number
        CRC Fr. Agnel's C.Rodrigues College of Engineering Fr. Agnel's C.Rodrigues College of Engineering 17/03/2023   6.6 TAL 11251   17/03/2023   17/03/2023 BOOK 3426
        CRC Fr. Agnel's C.Rodrigues College of Engineering Fr. Agnel's C.Rodrigues College of Engineering 17/03/2023   6.6 TAL 11252   17/03/2023   17/03/2023 BOOK  
        CRC Fr. Agnel's C.Rodrigues College of Engineering Fr. Agnel's C.Rodrigues- College of Engineering 17/03/2023 1 6.6 TAL 11250 23/06/2011 05/06/2023 05/06/2023 17/03/2023 BOOK